000 01166nam a2200361 a 4500
003 OSt
005 20201113101915.0
007 ta
008 100224s1989 dr f 001 spa d
040 _aDO-SdBNP
_bspa
_cBNPHU
041 _hspa
082 _axxxx
_bC322a
110 _aIglesia Católica .
_94241
240 _aMulieris dignitatem .
245 0 _aCarta apostólica /
_cCharne Román Peña , diagramación.
260 _aSantiago, República Dominicana :
_bPontificia Universidad Madre y Maestra ,
_c1989
300 _a81 pag. ;
_c20 cm.
490 _aCol. documentos
500 _aI. Incluye referencia bibliográfica al pie de la página.
505 0 _aI. Introducción.-
505 0 _aII. Mujer - madre de Dios.-
505 0 _aIII. imágen y semejanza de Dios.
505 0 _aIV. Eva María.-
505 0 _aV. Jesucristo.-
505 0 _aVI. Maternidad - virginidad.-
505 0 _aVII. la iglesia - esposa de Cristo.-
505 0 _aVIII. La mayor es la caridad.-
505 0 _aIX. Conclusión.-
700 1 2 _aRomán Peña , Charne .
_977239
710 _4Iglesia Católica.
740 _aMulieris dignitatem
942 _2ddc
_cLBS1
999 _c15608
_d15608